Windows phổ thông
Trình bày về thao tác cơ bản của chương trình ứng dụng windows; Quản lý tập tin và thư mục; Cá nhân hóa windows. Đề cập đến sử dụng trionhf phụ liện trong windows; Tăng tốc hệ thống; Internet và windows.
Đã lưu trong:
| Tác giả chính: | |
|---|---|
| Định dạng: | Sách |
| Năm xuất bản: |
H.
Thống kê
2003
|
| Chủ đề: | |
| Tags: |
Thêm thẻ
Không có thẻ, Hãy là người đầu tiên gắn thẻ bản ghi này!
|
| LEADER | 01071nam a2200181 4500 | ||
|---|---|---|---|
| 082 | |a 005.268 |b W311d. | ||
| 100 | |a VN-Guide | ||
| 245 | |a Windows phổ thông |c VN-Guide | ||
| 260 | |a H. |b Thống kê |c 2003 | ||
| 300 | |a 159tr. |c 21cm. | ||
| 520 | |a Trình bày về thao tác cơ bản của chương trình ứng dụng windows; Quản lý tập tin và thư mục; Cá nhân hóa windows. Đề cập đến sử dụng trionhf phụ liện trong windows; Tăng tốc hệ thống; Internet và windows. | ||
| 653 | |a Hệ điều hành Windows | ||
| 653 | |a Tin học | ||
| 942 | |2 ddc |c STK0 | ||
| 999 | |c 7235 |d 7235 | ||
| 952 | |0 0 |1 0 |2 ddc |4 0 |6 005_268000000000000_W311D |7 0 |8 000 |9 66854 |a qbu |b qbu |c D2 |d 2015-02-02 |g 16000 |o 005.268 W311d. |p 7277.c1 |r 0000-00-00 |w 2015-02-02 |y STK0 | ||
| 952 | |0 0 |1 0 |2 ddc |4 0 |6 005_268000000000000_W311D |7 0 |8 000 |9 66855 |a qbu |b qbu |c D2 |d 2015-02-02 |g 16000 |o 005.268 W311d. |p 7277.c2 |r 0000-00-00 |w 2015-02-02 |y STK0 | ||
| 952 | |0 0 |1 0 |2 ddc |4 0 |6 005_268000000000000_W311D |7 0 |8 000 |9 66856 |a qbu |b qbu |c D2 |d 2015-02-02 |g 16000 |o 005.268 W311d. |p 7277.c3 |r 0000-00-00 |w 2015-02-02 |y STK0 | ||